000 00646nam a22001817a 4500
003 UA-OsUOA
001 15529
007 ta
008 20031117b un ||||| |||| 00| 0 ukr d
100 _aЯкимович М.
942 _cSA
040 _aUA-OsUOA
_cUA-OsUOA
_dUA-OsUOA
245 _aВідродили святиню : [Храм Різдва Пресвятої Богородиці у Дубровиці, зведений у XIX ст. , відроджено у наші дні]
300 _aС.6
955 _a0
773 0 _w0
_tДуховна нива
_dРівне
_d2003
_g№4/ Трав./
650 7 _aКраєзнавча робота
_2UDC
999 _c301694
_d301694